000 00331cam a22001217a 4500
008 180718b1955 xxu||||| |||| 00| 0 eng d
082 _aH22x5414 Or4r/1
100 _aOrissa. High Court
245 _aRules of the High Court of Orissa, 1948
260 _aCuttack
_bThe author
_c1955
300 _a-v-
500 _aLibrary has volume 1
999 _c397786
_d397786